Public relations a ich dôležitosť pre úspech firmy na trhu

Public Relations (PR) - vzťah s verejnosťou - je nástrojom komunikačnej politiky marketingového manažmentu. PR - ich funkcia a dôležitosť pri riadení spoločnosti. Činnosti oddelenia PR v podniku. PR v oblasti financií. Komunikácia spoločnosti v čase krízy a príležitostná komunikácia.

Guardado en:
Detalles Bibliográficos
Autor principal: Kadeková, Zdenka
Formato: Capítulo de libro
Lenguaje:eslovaco
Materias:
Etiquetas: Agregar Etiqueta
Sin Etiquetas, Sea el primero en etiquetar este registro!

MARC

LEADER 00000naa$a2200000$$$4500
001 0108675
005 20230927074824.4
041 0 |a slo 
044 |a SK 
245 1 0 |a Public relations a ich dôležitosť pre úspech firmy na trhu  |c Zdenka Kadeková 
520 |a Public Relations (PR) - vzťah s verejnosťou - je nástrojom komunikačnej politiky marketingového manažmentu. PR - ich funkcia a dôležitosť pri riadení spoločnosti. Činnosti oddelenia PR v podniku. PR v oblasti financií. Komunikácia spoločnosti v čase krízy a príležitostná komunikácia. 
610 2 0 |a práca s verejnosťou 
610 2 0 |a firmy 
100 1 |a Kadeková, Zdenka